Creative synthesis in design / (Record no. 19991)

MARC details
000 -CABECERA
campo de control de longitud fija 00645nam a2200217 4500
003 - IDENTIFICADOR DEL NÚMERO DE CONTROL
campo de control OSt
005 - FECHA Y HORA DE LA ÚLTIMA TRANSACCIÓN
campo de control 20260601170959.0
008 - DATOS DE LONGITUD FIJA--INFORMACIÓN GENERAL
campo de control de longitud fija 260421b1964\\\\xxua||||\||||\00|\0\eng\d
040 ## - FUENTE DE LA CATALOGACIÓN
Centro catalogador/agencia de origen ICI
Lengua de catalogación spa
Centro/agencia transcriptor ICI
050 ## - SIGNATURA TOPOGRÁFICA DE LA BIBLIOTECA DEL CONGRESO
Número de clasificación TA153
Número de documento/Ítem A38
100 #1 - ENTRADA PRINCIPAL--NOMBRE DE PERSONA
Nombre de persona Alger, John R. M.,
9 (RLIN) 31137
245 #1 - MENCIÓN DE TÍTULO
Título Creative synthesis in design /
Resto del título By John r. m. alger and carl v. hays.
264 ## - PRODUCCIÓN, PUBLICACIÓN, DISTRIBUCIÓN, FABRICACIÓN Y COPYRIGHT
Nombre del de productor, editor, distribuidor, fabricante Prentice Hall,
Fecha de producción, publicación, distribución, fabricación o copyright c1964
Producción, publicación, distribución, fabricación y copyright Englewood cliffs :
300 ## - DESCRIPCIÓN FÍSICA
Extensión 92 páginas
336 ## - TIPO DE CONTENIDO
Término de tipo de contenido texto
Fuente rdacontent
337 ## - TIPO DE MEDIO
Nombre/término del tipo de medio sin medio
Fuente rdamedia
338 ## - TIPO DE SOPORTE
Nombre/término del tipo de soporte volumen
Fuente rdacarrier
650 #4 - PUNTO DE ACCESO ADICIONAL DE MATERIA--TÉRMINO DE MATERIA
Término de materia o nombre geográfico como elemento de entrada Diseño industrial
9 (RLIN) 15218
700 ## - PUNTO DE ACCESO ADICIONAL--NOMBRE DE PERSONA
Nombre de persona Hays, Carl V.,
Término indicativo de función/relación autor
9 (RLIN) 31138
942 ## - ELEMENTOS DE PUNTO DE ACCESO ADICIONAL (KOHA)
Fuente del sistema de clasificación o colocación Library of Congress Classification
Tipo de ítem Koha Libros

No items available.